Properties of materials anisotropy, symetry, structure
Guardado en:
| Autor principal: | |
|---|---|
| Formato: | Libro |
| Lenguaje: | inglés |
| Publicado: |
Oxford
Oxford University Press
2007
|
| Edición: | 1. vyd.- reprint |
| Materias: | |
| Acceso en línea: | Ver en el OPAC |
| Etiquetas: |
Sin Etiquetas, Sea el primero en etiquetar este registro!
|
MARC
| LEADER | 00000nam a2200000 a 4500 | ||
|---|---|---|---|
| 005 | 20260127134255.0 | ||
| 008 | 111118s2007 xo eng d | ||
| 020 | |a 9780198520757 (viaz.) | ||
| 035 | |a vtls010324810 | ||
| 039 | 9 | |y 201111181104 |z mschk03 | |
| 040 | |a STUSCHK1 |b slo |c STUSCHK1 | ||
| 041 | 0 | |a eng | |
| 080 | |a 620.18 | ||
| 100 | 1 | |a Newnham, Robert E. | |
| 245 | 1 | |a Properties of materials |b anisotropy, symetry, structure |c Robert E. Newnham | |
| 250 | |a 1. vyd.- reprint | ||
| 260 | |a Oxford |b Oxford University Press |c 2007 | ||
| 300 | |a xii, 378 s. |b ill. |c 25 cm. | ||
| 650 | 0 | 7 | |a materiály |
| 650 | 0 | 7 | |a materiálové inžinierstvo |
| 910 | |a SCHK95 | ||
| 919 | |a 978-0-19-852075-7 | ||
| 999 | |c 8465 |d 8465 | ||